High grade corporate bond total rate-of-return index.

Bibliographic Details
Corporate Author: Salomon Brothers
Format: Serial
Language:English
Published: New York : Salomon Brothers, 1 -1977.
Subjects:

MARC

Tag First Indicator Second Indicator Subfields
LEADER 00000cas a2200000 a 4500
001 in00000077951
005 20151008055100.0
008 791012d1uuu1977nyumr 0uuua0engmd
035 |a (OCoLC)05518799 
035 |9 AAJ2503AM 
040 |a TXA  |c TXA  |d UtOrBLW 
049 |a TXAE 
090 |a HG4915  |b .H5 
245 0 0 |a High grade corporate bond total rate-of-return index. 
264 1 |a New York :  |b Salomon Brothers,  |c 1 -1977. 
300 |a  volumes :  |b illustrations ;  |c 28 cm. 
310 |a Monthly 
336 |a text  |b txt  |2 rdacontent 
337 |a unmediated  |b n  |2 rdamedia 
338 |a volume  |b nc  |2 rdacarrier 
362 0 |a 1 -1977. 
500 |a Loose-leaf. 
650 0 |a Bonds  |v Periodicals. 
650 0 |a Investments  |v Periodicals. 
710 2 |a Salomon Brothers. 
999 |a MARS 
999 f f |s faf68219-e282-3c4a-97ad-6d0d67ae7e24  |i bca79dac-17f6-39ef-8b6c-a41ea7f2dc87  |t 0 
952 f f |p ric  |a Texas A&M University  |b Rellis Campus  |c Joint Library Facility  |d Remote Storage  |t 0  |e HG4915 .H5  |h Library of Congress classification  |i unmediated -- volume  |k 1976-1977  |m A14842328313 
998 f f |a HG4915 .H5  |s 1976-1977  |t 0  |l Remote Storage